000 00836cam a2200277 i 4500
001 27098
003 BD-RjUL
005 20211209051119.0
008 140324s1964 enkb b 001 0 eng d
035 _a(BD-RjUL)27169
035 _a(OCoLC)04828535
040 _aLDL
_cLDL
_dBD-RjUL
_beng
041 _aeng
082 0 0 _a954.9
_bSTP 1964
100 1 _aStephens, Ian,
_q(Ian Melville),
_d1903-1984.
_983222
245 1 0 _aPakistan /
_cby Ian Stephens.
250 _a2nd ed.
260 _aLondon :
_bErnest Benn,
_cc1964.
300 _a288 p., [1] fold. leaf of plates :
_bill. ;
_c22 cm.
490 1 _aNations of the modern world
504 _aIncludes bibliography (p. 267-270) and index.
651 0 _aPakistan
_xHistory.
_983223
830 0 _aNations of the modern world.
_983225
942 _2ddc
_cBK
999 _c27098
_d27098